Biggest Cities in Eastern Time Zone - Statistics

General Stats
  • This quiz has been taken 73 times
  • The average score is 18 of 20
Answer Stats
State Population Eastern Time Zone % Correct
New York 8,230,290 New York CIty
100%
Florida 478,251 Miami
98%
Pennsylvania 1,585,010 Philadelphia
96%
District of Columbia 714,153 Washington DC
96%
Massachusetts 695,506 Boston
94%
Michigan 664,139 Detroit
94%
Georgia 524,067 Atlanta
92%
Ohio 913,921 Columbus
92%
Indiana 887,232 Indianapolis
92%
Maryland 575,584 Baltimore
90%
Ohio 376,599 Cleveland
90%
Florida 929,647 Jacksonville
90%
North Carolina 483,579 Raleigh
90%
North Carolina 912,096 Charlotte
88%
Florida 404,636 Tampa
88%
Ohio 307,266 Cincinnati
86%
Kentucky 615,924 Louisville
86%
Virginia 450,224 Virginia Beach
82%
Kentucky 324,604 Lexington
80%
North Carolina 301,094 Greensboro
68%
No matching quizzes found
Score Distribution
Percent of People with Each Score
Percentile by Number Answered
Your Score History
You have not taken this quiz